Nghề nuôi lợn nái
Trình bày kỹ thuật chọn giống, phối giống, nuôi dưỡng và điều trị một số bệnh ở lợn nái, bố trí chuồng trại trong chăn nuôi lợn nái.
সংরক্ষণ করুন:
| প্রধান লেখক: | |
|---|---|
| অন্যান্য লেখক: | |
| ভাষা: | Undetermined |
| প্রকাশিত: |
Hà Nội
Nông nghiệp
2009
|
| বিষয়গুলি: | |
| ট্যাগগুলো: |
ট্যাগ যুক্ত করুন
কোনো ট্যাগ নেই, প্রথমজন হিসাবে ট্যাগ করুন!
|
| Thư viện lưu trữ: | Trung tâm Học liệu Trường Đại học Trà Vinh |
|---|
| LEADER | 00891nam a2200253Ia 4500 | ||
|---|---|---|---|
| 001 | TVU_2621 | ||
| 008 | 210423s9999 xx 000 0 und d | ||
| 041 | |a Vie | ||
| 082 | |a 636.4 | ||
| 082 | |b V121 | ||
| 100 | |a Phùng, Thị Vân | ||
| 245 | 0 | |a Nghề nuôi lợn nái | |
| 245 | 0 | |c Phùng Thị Vân, Đoàn Khắc Húc, Nguyễn Thị Rật | |
| 260 | |a Hà Nội | ||
| 260 | |b Nông nghiệp | ||
| 260 | |c 2009 | ||
| 300 | |a 88 tr. | ||
| 300 | |b bảng, hình vẽ | ||
| 300 | |c 19 cm | ||
| 504 | |a Thư mục tham khảo: tr.86 | ||
| 520 | |a Trình bày kỹ thuật chọn giống, phối giống, nuôi dưỡng và điều trị một số bệnh ở lợn nái, bố trí chuồng trại trong chăn nuôi lợn nái. | ||
| 650 | |a Chăn nuôi | ||
| 700 | |a Phùng Thị Vân; Đoàn Khắc Húc; Nguyễn Thị Rật | ||
| 980 | |a Trung tâm Học liệu Trường Đại học Trà Vinh | ||